Serás madre: (Record no. 104767)

MARC details
000 -LEADER
campo de control de longitud fija 00925nam a2200253 i 4500
001 - NÚMERO DE CONTROL
campo de control 104767
003 - IDENTIFICADOR DE NÚMERO DE CONTROL
campo de control ES-MaACL
005 - FECHA Y HORA DE LA ÚLTIMA TRANSACCIÓN
campo de control 20250813030627.0
007 - CAMPO FIJO DE DESCRIPCIÓN FÍSICA--INFORMACIÓN GENERAL
campo de control de longitud fija t|
008 - DATOS DE LONGITUD FIJA--INFORMACIÓN GENERAL
campo de control de longitud fija 051212s1972 sp ||||1| spa d
100 1# - ENTRADA PRINCIPAL--NOMBRE DE PERSONA
Nombre de persona Miraglia, Ferruccio.
9 (RLIN) 81479
245 10 - MENCIÓN DEL TÍTULO
Título Serás madre:
Resto del título la mujer desde la adolescencia a la maternidad : preparación psicoprofiláctica para el parto /
Mención de responsabilidad, etc. Ferruccio Miraglia, Ezio Orlandini, Giuseppe Micheletti ; [traducción de Atilio Pentimalli].
250 ## - MENCION DE EDICION
Mención de edición 1ª ed.
260 ## - PUBLICACIÓN, DISTRIBUCIÓN, ETC.
Lugar de publicación, distribución, etc. Barcelona :
Nombre del editor, distribuidor, etc. Noguer,
Fecha de publicación, distribución, etc. 1972.
300 ## - DESCRIPCIÓN FÍSICA
Extensión 340 p., VIII lám. :
Otras características físicas il. ;
Dimensiones 23 cm.
650 #4 - PUNTO DE ACCESO ADICIONAL DE MATERIA--TÉRMINO DE MATERIA
Término de materia o nombre geográfico como elemento de entrada Mujeres-
Subdivisión general Conducta sexual
9 (RLIN) 15259
650 07 - PUNTO DE ACCESO ADICIONAL DE MATERIA--TÉRMINO DE MATERIA
Término de materia o nombre geográfico como elemento de entrada Embarazo
Fuente del encabezamiento o término embne
9 (RLIN) 12177
650 ## - PUNTO DE ACCESO ADICIONAL DE MATERIA--TÉRMINO DE MATERIA
Término de materia o nombre geográfico como elemento de entrada Preparación al parto.
9 (RLIN) 171470
700 1# - ENTRADA AGREGADA--NOMBRE PERSONAL
Nombre de persona Orlandini, Ezio.
9 (RLIN) 87278
700 1# - ENTRADA AGREGADA--NOMBRE PERSONAL
Nombre de persona Micheletti, Giuseppe.
9 (RLIN) 80923
700 1# - ENTRADA AGREGADA--NOMBRE PERSONAL
Nombre de persona Pentimalli, Atilio.
9 (RLIN) 90195
852 ## - LOCALIZACIÓN
Ubicación ES-MaACL
Número de control de estantería C-44217
Holdings
Estatus retirado Estado de pérdida Estado de daño No para préstamo Biblioteca de origen Biblioteca actual Ubicación en estantería Fecha de adquisición Fuente de adquisición Total de préstamos Signatura topográfica completa Código de barras Visto por última vez Precio de reemplazo Tipo de ítem Koha
        Biblioteca del Ateneo de Madrid Biblioteca del Ateneo de Madrid Depósito 2 17/01/2008     C-44217 1109380 23/02/2023 23/02/2023 Libro impreso